[Event "Junior Online 4NCL Division 2"]
[Site "online"]
[Date "2020.11.12"]
[Round "7.12"]
[White "Evans, Joseph"]
[Black "Tandon, Ashley"]
[Result "0-1"]
[WhiteElo "1135"]
[BlackElo "911"]
[PlyCount "78"]
[EventDate "2020.11.12"]
[WhiteTeam "Harrow Juniors D"]
[BlackTeam "East Kilbride Knights"]

1. c4 Nf6 2. g3 c5 3. Bg2 e6 4. e3 d5 5. cxd5 exd5 6. Ne2 Nc6 7. b3 Be7 8. Bb2
O-O 9. Nbc3 Be6 10. O-O Rc8 11. d4 cxd4 12. exd4 Re8 13. Nf4 a6 14. Nxe6 fxe6
15. Re1 Bb4 16. Bh3 Qd6 17. a3 Ba5 18. Qe2 Nxd4 19. Qe3 Nc2 20. Bxe6+ Kh8 21.
Qf4 Qxf4 22. gxf4 Rc7 23. Re2 Nxa1 24. Bxa1 Bxc3 25. Bxc3 Rxc3 26. Kg2 Rxb3 27.
f3 Rxa3 28. Kg3 Rc3 29. Kh4 Rc6 30. f5 g6 31. Kg5 gxf5 32. Kxf6 Rexe6+ 33. Rxe6
Rxe6+ 34. Kxe6 d4 35. Ke5 d3 36. Kd4 d2 37. Kd3 d1=Q+ 38. Ke3 Qg1+ 39. Ke2
Qxh2+ 0-1

[Event "Junior Online 4NCL Division 2"]
[Site "online"]
[Date "2020.11.12"]
[Round "7.13"]
[White "Nagar, Nikunj"]
[Black "Grahame, Edgar"]
[Result "1-0"]
[WhiteElo "653"]
[BlackElo "1075"]
[PlyCount "101"]
[EventDate "2020.11.12"]
[WhiteTeam "East Kilbride Knights"]
[BlackTeam "Harrow Juniors D"]

1. e4 Nc6 2. Nf3 d5 3. exd5 Qxd5 4. Nc3 Qc5 5. d4 Qa5 6. Bd2 Bd7 7. Ne4 Qh5 8.
Be2 Qg6 9. Ng3 O-O-O 10. h4 Nf6 11. h5 Qg4 12. Ne5 Qxd4 13. Nxf7 e5 14. Nxd8
Bc5 15. Be3 Qb4+ 16. c3 Qb6 17. Bxc5 Qxc5 18. Nxc6 Bxc6 19. O-O Qd5 20. Qxd5
Bxd5 21. Nf5 g6 22. Ne7+ Kd7 23. Nxd5 Nxd5 24. hxg6 hxg6 25. Rad1 c6 26. c4 b5
27. cxd5 cxd5 28. Bxb5+ Kd6 29. Bc4 d4 30. f3 Kc5 31. Bd3 Kd5 32. Bxg6 Kc4 33.
Be4 Kc5 34. Rfe1 Kc4 35. Bd3+ Kd5 36. Be4+ Kc4 37. Bb7 d3 38. Rxe5 Kd4 39. Rd5+
Ke3 40. R1xd3+ Ke2 41. Rd2+ Ke3 42. R5d3+ Kf4 43. g3+ Kxg3 44. f4+ Kxf4 45.
Rf3+ Kg4 46. Rg2+ Kh4 47. Rh2+ Kg4 48. Rxh8 Kg5 49. Rg8+ Kh4 50. Rf7 Kh3 51.
Rh7# 1-0

[Event "Junior Online 4NCL Division 2"]
[Site "online"]
[Date "2020.11.12"]
[Round "7.14"]
[White "Shatapathy, Shrimukund"]
[Black "Pardeshi, Prachi"]
[Result "0-1"]
[WhiteElo "1150"]
[BlackElo "523"]
[PlyCount "38"]
[EventDate "2020.11.12"]
[WhiteTeam "Harrow Juniors D"]
[BlackTeam "East Kilbride Knights"]

1. e4 e5 2. Bc4 Nf6 3. Nc3 Nc6 4. Nf3 h6 5. O-O Bc5 6. d3 d6 7. Ng5 hxg5 8.
Bxg5 Nb4 9. a3 Nc6 10. Nd5 Be6 11. Nxc7+ Qxc7 12. Bxe6 fxe6 13. d4 exd4 14. f4
Nxe4 15. f5 Nxg5 16. fxe6 Nxe6 17. Qf3 d5 18. c4 dxc3+ 19. Kh1 Qxh2# 0-1

[Event "Junior Online 4NCL Division 2"]
[Site "online"]
[Date "2020.11.12"]
[Round "7.15"]
[White "Karjodkar, Praneeta"]
[Black "Shrestha, Unnabh"]
[Result "0-1"]
[WhiteElo "1202"]
[BlackElo "1084"]
[PlyCount "54"]
[EventDate "2020.11.12"]
[WhiteTeam "Harrow Juniors D"]
[BlackTeam "East Kilbride Knights"]

1. e4 c6 2. Nf3 d5 3. exd5 cxd5 4. d4 Nc6 5. Nc3 a6 6. Bd3 Nf6 7. Bf4 Bg4 8. h3
Bh5 9. Qe2 Nxd4 10. Nxd4 Bxe2 11. Bxe2 Ne4 12. Nxe4 dxe4 13. O-O Qxd4 14. c3
Qf6 15. Be3 e6 16. Rad1 Be7 17. Rd7 Kxd7 18. f3 exf3 19. Bxf3 Qe5 20. Bd4 Qb5
21. b4 Rac8 22. a3 Rc4 23. Be3 Rxc3 24. Bd4 Rxa3 25. Be2 Qxe2 26. Bxg7 Rg8 27.
Bc3 Qxg2# 0-1

[Event "Junior Online 4NCL Division 2"]
[Site "online"]
[Date "2020.11.12"]
[Round "7.16"]
[White "Tandon, Ashley"]
[Black "Evans, Joseph"]
[Result "1-0"]
[WhiteElo "911"]
[BlackElo "1135"]
[PlyCount "81"]
[EventDate "2020.11.12"]
[WhiteTeam "East Kilbride Knights"]
[BlackTeam "Harrow Juniors D"]

1. d4 Nf6 2. c4 e6 3. a3 d5 4. Nc3 g6 5. Bg5 Bg7 6. cxd5 exd5 7. e3 O-O 8. Bd3
Re8 9. Nge2 b6 10. O-O c5 11. Bb5 Bd7 12. Bxd7 Qxd7 13. dxc5 bxc5 14. Bxf6 Bxf6
15. Qxd5 Qxd5 16. Nxd5 Bxb2 17. Nc7 Bxa1 18. Rxa1 Nc6 19. Nxa8 Rxa8 20. Rc1 Rb8
21. Rxc5 Rb1+ 22. Rc1 Rxc1+ 23. Nxc1 Kg7 24. Kf1 Kf6 25. Nd3 Ne5 26. Nxe5 Kxe5
27. Ke2 h5 28. h4 f6 29. f3 Kf5 30. Kd3 g5 31. g3 g4 32. f4 Ke6 33. e4 f5 34.
exf5+ Kxf5 35. Kd4 Ke6 36. Ke4 Kf6 37. a4 a5 38. f5 Ke7 39. Ke5 Kf7 40. f6 Kg6
41. Ke6 1-0

[Event "Junior Online 4NCL Division 2"]
[Site "online"]
[Date "2020.11.12"]
[Round "7.17"]
[White "Grahame, Edgar"]
[Black "Nagar, Nikunj"]
[Result "0-1"]
[WhiteElo "1075"]
[BlackElo "653"]
[PlyCount "34"]
[EventDate "2020.11.12"]
[WhiteTeam "Harrow Juniors D"]
[BlackTeam "East Kilbride Knights"]

1. e4 e5 2. Nf3 Nc6 3. Nc3 Nf6 4. Bc4 Bc5 5. O-O O-O 6. d3 d6 7. Bg5 Be6 8.
Bxe6 fxe6 9. Bxf6 Qxf6 10. h3 a6 11. h4 Rad8 12. Ng5 Qh6 13. Qe2 Qxh4 14. Nxe6
Bxf2+ 15. Rxf2 Rxf2 16. Qe1 Rxg2+ 17. Kf1 Qh1# 0-1

[Event "Junior Online 4NCL Division 2"]
[Site "online"]
[Date "2020.11.12"]
[Round "7.18"]
[White "Pardeshi, Prachi"]
[Black "Shatapathy, Shrimukund"]
[Result "1-0"]
[WhiteElo "523"]
[BlackElo "1150"]
[PlyCount "69"]
[EventDate "2020.11.12"]
[WhiteTeam "East Kilbride Knights"]
[BlackTeam "Harrow Juniors D"]

1. e4 e5 2. Nf3 d6 3. Nc3 Nf6 4. d4 exd4 5. Nxd4 Nc6 6. Nxc6 bxc6 7. Bf4 Qe7 8.
Bd3 Ba6 9. Bxa6 Nxe4 10. Nxe4 Qxe4+ 11. Be3 d5 12. Qf3 Qxc2 13. O-O Bb4 14. a3
Ba5 15. b4 Bb6 16. Bxb6 cxb6 17. Rfe1+ Kf8 18. Rac1 Qd2 19. Bb7 Re8 20. Rxe8+
Kxe8 21. Bxc6+ Kf8 22. Rf1 f5 23. Qxf5+ Ke7 24. Bxd5 Rd8 25. Qf7+ Kd6 26. Qe6+
Kc7 27. Qe7+ Rd7 28. Qe5+ Rd6 29. Bc4 b5 30. Bxb5 Kb6 31. Qc5+ Kb7 32. h3 Qf4
33. Rc1 Qd2 34. Qc7+ Ka8 35. Qc8# 1-0

[Event "Junior Online 4NCL Division 2"]
[Site "online"]
[Date "2020.11.12"]
[Round "7.21"]
[White "McAndrew, Rory"]
[Black "Vayzert, Darya"]
[Result "0-1"]
[WhiteElo "1375"]
[BlackElo "1300"]
[PlyCount "62"]
[EventDate "2020.11.12"]
[WhiteTeam "Ojays E"]
[BlackTeam "St Albans Early Knights 3"]

1. e4 c6 2. Nf3 d5 3. exd5 cxd5 4. Nc3 Bg4 5. Bb5+ Nc6 6. d4 a6 7. Ba4 b5 8.
Bb3 e6 9. h3 Bxf3 10. Qxf3 Nxd4 11. Qd3 Nxb3 12. axb3 Bc5 13. Nxb5 Bb4+ 14. Kf1
axb5 15. Qxb5+ Kf8 16. Qxb4+ Ne7 17. Rxa8 Qxa8 18. c4 Qc6 19. Qb8+ Qc8 20. Qe5
dxc4 21. bxc4 Qxc4+ 22. Qe2 Qxc1+ 23. Qe1 Qxe1+ 24. Kxe1 Nd5 25. b3 Ke7 26. Ke2
Rb8 27. Ra1 Rxb3 28. Ra7+ Kf6 29. Kd2 Rb2+ 30. Kc1 Rxf2 31. Kd1 Rxg2 0-1

[Event "Junior Online 4NCL Division 2"]
[Site "online"]
[Date "2020.11.12"]
[Round "7.22"]
[White "Vitvitska, Vasylyna"]
[Black "Deeke, James"]
[Result "1-0"]
[WhiteElo "1120"]
[BlackElo "1345"]
[PlyCount "171"]
[EventDate "2020.11.12"]
[WhiteTeam "St Albans Early Knights 3"]
[BlackTeam "Ojays E"]

1. e4 e5 2. Nf3 Nc6 3. Bc4 Nf6 4. Nc3 Be7 5. d3 h6 6. Be3 d6 7. h3 O-O 8. O-O
Re8 9. Qd2 Bf8 10. a3 a6 11. b4 b5 12. Bb3 Bb7 13. Nd5 Nxd5 14. Bxd5 a5 15. a4
axb4 16. axb5 Na5 17. Qxb4 Bxd5 18. exd5 Nb7 19. b6 cxb6 20. Qxb6 Qxb6 21. Bxb6
Rxa1 22. Rxa1 e4 23. dxe4 Rxe4 24. Ra7 Re7 25. c4 Nc5 26. Bxc5 dxc5 27. Rxe7
Bxe7 28. Ne5 Bd6 29. Nd3 f6 30. Kf1 g6 31. Ke2 Kf7 32. Kd2 f5 33. Kc3 Ke7 34.
Kb3 Bc7 35. Ka4 Kd6 36. Kb5 Bb8 37. Nxc5 Ba7 38. Nd3 g5 39. f3 g4 40. f4 gxh3
41. gxh3 h5 42. Ne5 Be3 43. Nd3 h4 44. c5+ Bxc5 45. Nxc5 Kxd5 46. Nd7 Ke4 47.
Nf6+ Kxf4 48. Nh5+ Kg5 49. Ng7 Kf4 50. Nh5+ Ke4 51. Nf6+ Ke3 52. Kc4 f4 53.
Ng4+ Kf3 54. Kd5 Kg3 55. Ke5 f3 56. Ke4 f2 57. Nxf2 Kxf2 58. Kf4 Kg2 59. Kg4
Kf2 60. Kxh4 Kf3 61. Kh5 Kg3 62. h4 Kf4 63. Kh6 Kg4 64. h5 Kf5 65. Kh7 Kg5 66.
h6 Kf6 67. Kg8 Kg6 68. h7 Kf6 69. h8=Q+ Kg6 70. Qh7+ Kg5 71. Qd7 Kf4 72. Qc6
Ke3 73. Qb5 Kd2 74. Qa4 Ke3 75. Kf7 Kf2 76. Qb3 Ke2 77. Qc3 Kf2 78. Qd3 Kg2 79.
Qe3 Kh2 80. Kf6 Kg2 81. Kf5 Kh2 82. Kf4 Kg2 83. Qf3+ Kg1 84. Qe2 Kh1 85. Kf3
Kg1 86. Qg2# 1-0

[Event "Junior Online 4NCL Division 2"]
[Site "online"]
[Date "2020.11.12"]
[Round "7.23"]
[White "Houlihan, Elisabeth"]
[Black "Jardzioch, Ernest"]
[Result "0-1"]
[WhiteElo "1285"]
[BlackElo "992"]
[PlyCount "50"]
[EventDate "2020.11.12"]
[WhiteTeam "Ojays E"]
[BlackTeam "St Albans Early Knights 3"]

1. d4 e6 2. e4 d5 3. e5 f6 4. f4 f5 5. Nc3 h6 6. Qh5+ Ke7 7. Be3 Qe8 8. Qh4+
Kd7 9. Nge2 Nc6 10. Nc1 Be7 11. Qg3 Qd8 12. Qxg7 Nf6 13. exf6 Rg8 14. Qxh6 Bxf6
15. Qh3 Kd6 16. Qh7 Nxd4 17. Bxd4 Bxd4 18. Nb5+ Kc5 19. Nxd4 Kxd4 20. c3+ Kc5
21. Qh3 Kd6 22. Nb3 e5 23. fxe5+ Kxe5 24. Qe3+ Kf6 25. Qd4+ Kf7 0-1

[Event "Junior Online 4NCL Division 2"]
[Site "online"]
[Date "2020.11.12"]
[Round "7.25"]
[White "Vayzert, Darya"]
[Black "McAndrew, Rory"]
[Result "0-1"]
[WhiteElo "1300"]
[BlackElo "1375"]
[PlyCount "44"]
[EventDate "2020.11.12"]
[WhiteTeam "St Albans Early Knights 3"]
[BlackTeam "Ojays E"]

1. d4 d5 2. Nf3 Nf6 3. e3 Bf5 4. Bd3 Bg4 5. h3 Bh5 6. g4 Bg6 7. Ne5 Nc6 8. h4
Nxe5 9. dxe5 Ne4 10. f3 Nc5 11. Bxg6 hxg6 12. c3 e6 13. g5 f6 14. exf6 gxf6 15.
f4 fxg5 16. fxg5 Qxg5 17. Qd4 Qg3+ 18. Kf1 Qf3+ 19. Kg1 Ne4 20. Rh2 Qg3+ 21.
Rg2 Qxh4 22. Nd2 Qh1# 0-1

[Event "Junior Online 4NCL Division 2"]
[Site "online"]
[Date "2020.11.12"]
[Round "7.26"]
[White "Deeke, James"]
[Black "Vitvitska, Vasylyna"]
[Result "1-0"]
[WhiteElo "1345"]
[BlackElo "1120"]
[PlyCount "83"]
[EventDate "2020.11.12"]
[WhiteTeam "Ojays E"]
[BlackTeam "St Albans Early Knights 3"]

1. e4 e5 2. Nf3 Nf6 3. d3 Nc6 4. Bg5 h6 5. Bh4 Bb4+ 6. c3 Ba5 7. Be2 d6 8. h3
Be6 9. O-O Qd7 10. Bxf6 gxf6 11. Nh4 O-O-O 12. Nf5 Kb8 13. Bg4 h5 14. Bxh5 Rdf8
15. Re1 Bxf5 16. exf5 Qxf5 17. Bg4 Qg5 18. Qf3 Ne7 19. a4 f5 20. Bxf5 Qxf5 21.
Qxf5 Nxf5 22. b4 Bxb4 23. cxb4 Rfg8 24. Re4 Rh7 25. Rg4 Rxg4 26. hxg4 Ne7 27.
Nd2 Rh4 28. f3 Ng6 29. g3 Rh3 30. Kg2 Rh8 31. Re1 a6 32. b5 a5 33. Nc4 b6 34.
Ne3 Rf8 35. Nf5 f6 36. Rh1 Kc8 37. Rh6 Nh8 38. Nh4 Kd8 39. Ng6 Nxg6 40. Rxg6
Ke7 41. Rh6 Ke6 42. g5 1-0

[Event "Junior Online 4NCL Division 2"]
[Site "online"]
[Date "2020.11.12"]
[Round "7.27"]
[White "Jardzioch, Ernest"]
[Black "Houlihan, Elisabeth"]
[Result "1-0"]
[WhiteElo "992"]
[BlackElo "1285"]
[PlyCount "27"]
[EventDate "2020.11.12"]
[WhiteTeam "St Albans Early Knights 3"]
[BlackTeam "Ojays E"]

1. e4 e5 2. f4 f6 3. Nf3 Nc6 4. Bc4 Nge7 5. d4 exd4 6. e5 fxe5 7. fxe5 d6 8.
Bf4 Bg4 9. exd6 cxd6 10. h3 Bh5 11. O-O Nf5 12. Ne5 Bxd1 13. Bf7+ Ke7 14. Bg5#
1-0

[Event "Junior Online 4NCL Division 2"]
[Site "online"]
[Date "2020.11.12"]
[Round "7.31"]
[White "Shahameeran, Ashika"]
[Black "Miller, Kai"]
[Result "0-1"]
[WhiteElo "1330"]
[BlackElo "1382"]
[PlyCount "72"]
[EventDate "2020.11.12"]
[WhiteTeam "St John's College B"]
[BlackTeam "Warwickshire Bears D"]

1. e4 e5 2. Nf3 Nf6 3. Nxe5 Nc6 4. Nxc6 dxc6 5. Be2 Bc5 6. e5 Nd7 7. d4 Bb6 8.
O-O O-O 9. c3 c5 10. Be3 Qh4 11. dxc5 Bxc5 12. Bd4 Bxd4 13. cxd4 f6 14. e6 Nb6
15. e7 Re8 16. Qb3+ Kh8 17. Qf7 Bg4 18. Bxg4 Qxg4 19. Nc3 Qd7 20. Rfe1 Nc8 21.
Nd5 Nd6 22. Qh5 c6 23. Nf4 Qf5 24. Qf3 Nc8 25. Qg3 Nxe7 26. Ne6 Ng6 27. Nc7
Rxe1+ 28. Rxe1 Rc8 29. Ne6 Re8 30. d5 cxd5 31. Qe3 Nf4 32. Qxa7 Nxe6 33. Rxe6
Qxe6 34. h3 Qd6 35. Qa5 b6 36. Qd2 Qe5 0-1

[Event "Junior Online 4NCL Division 2"]
[Site "online"]
[Date "2020.11.12"]
[Round "7.32"]
[White "Alexander, Ryan"]
[Black "Nukalapati, Sarthak"]
[Result "0-1"]
[WhiteElo "1405"]
[BlackElo "1232"]
[PlyCount "116"]
[EventDate "2020.11.12"]
[WhiteTeam "Warwickshire Bears D"]
[BlackTeam "St John's College B"]

1. e4 e5 2. Nf3 Nc6 3. Bc4 Nf6 4. Nc3 Nxe4 5. Nxe4 d5 6. Bxd5 Qxd5 7. d3 Bf5 8.
Qe2 O-O-O 9. O-O Nd4 10. Nxd4 exd4 11. Qf3 Re8 12. Re1 Bb4 13. Re2 h5 14. Kf1
Bg4 15. Qg3 Bxe2+ 16. Kxe2 f5 17. Qh3 Kb8 18. c3 Ba5 19. b4 Bb6 20. c4 Qe5 21.
f3 fxe4 22. fxe4 a6 23. g3 Ref8 24. c5 Ba7 25. a4 Qf6 26. Qg2 g5 27. h3 b6 28.
cxb6 cxb6 29. g4 hxg4 30. Qg3+ Kb7 31. Bb2 Rxh3 32. Qg2 Re3+ 33. Kd2 Qf2+ 34.
Qxf2 Rxf2+ 35. Kd1 Rxb2 36. Rc1 Rxd3+ 37. Ke1 g3 38. Kf1 g2+ 39. Kg1 Rbd2 40.
Re1 Rd1 41. Rxd1 Rxd1+ 42. Kxg2 d3 43. e5 Bb8 44. e6 Bd6 45. Kf2 d2 46. Ke2
Re1+ 47. Kxd2 Rxe6 48. Kc3 g4 49. Kd4 g3 50. Kd5 Rg6 51. Ke4 g2 52. Kd5 g1=Q
53. b5 Qg5+ 54. Kc4 axb5+ 55. axb5 Qf4+ 56. Kd5 Rg5+ 57. Ke6 Qe5+ 58. Kd7 Qe7#
0-1

[Event "Junior Online 4NCL Division 2"]
[Site "online"]
[Date "2020.11.12"]
[Round "7.33"]
[White "Anandkumar, Govind"]
[Black "Kuang, Felix"]
[Result "1-0"]
[WhiteElo "1217"]
[BlackElo "1315"]
[PlyCount "53"]
[EventDate "2020.11.12"]
[WhiteTeam "St John's College B"]
[BlackTeam "Warwickshire Bears D"]

1. e4 e5 2. Nf3 Nc6 3. Bc4 Nf6 4. d3 Bc5 5. Bg5 h6 6. Bh4 g5 7. Bg3 d6 8. h3
Be6 9. Bxe6 fxe6 10. O-O Qe7 11. c3 O-O-O 12. Qb3 Bb6 13. Nbd2 a6 14. Nc4 Bc5
15. d4 exd4 16. cxd4 Nxd4 17. Nxd4 Bxd4 18. Na5 Bb6 19. Nc4 Bc5 20. Na5 Bb6 21.
Nc4 Nd7 22. Nxb6+ Nxb6 23. Rac1 e5 24. Qxb6 Rd7 25. Qa7 Rdd8 26. Rc2 Qd7 27.
Qa8# 1-0

[Event "Junior Online 4NCL Division 2"]
[Site "online"]
[Date "2020.11.12"]
[Round "7.34"]
[White "Sagyaman, Vassily M"]
[Black "Sequeira, Robert"]
[Result "0-1"]
[WhiteElo "1345"]
[BlackElo "1232"]
[PlyCount "72"]
[EventDate "2020.11.12"]
[WhiteTeam "Warwickshire Bears D"]
[BlackTeam "St John's College B"]

1. e4 e5 2. Nf3 Nc6 3. Bc4 h6 4. O-O Nf6 5. Re1 Bc5 6. c3 O-O 7. d4 exd4 8.
cxd4 Bb6 9. Nc3 Re8 10. Bf4 d6 11. Qd2 Bg4 12. d5 Ne7 13. Rad1 Ng6 14. Bg3 Bxf3
15. gxf3 Qd7 16. f4 Nh5 17. f5 Ne5 18. Bxe5 dxe5 19. Qe2 Nf4 20. Qg4 Qd6 21.
Kh1 Qf6 22. Rg1 Rad8 23. Nb5 a6 24. Nc3 Bxf2 25. Rg2 Nxg2 26. Kxg2 Bb6 27. Kh1
Qg5 28. Qh3 Rd6 29. Qf3 Red8 30. Qh3 c6 31. Qf3 cxd5 32. exd5 Qf4 33. Qe2 Qxf5
34. Qg2 Qg5 35. Qxg5 hxg5 36. Rf1 f6 0-1

[Event "Junior Online 4NCL Division 2"]
[Site "online"]
[Date "2020.11.12"]
[Round "7.35"]
[White "Miller, Kai"]
[Black "Shahameeran, Ashika"]
[Result "0-1"]
[WhiteElo "1382"]
[BlackElo "1330"]
[PlyCount "58"]
[EventDate "2020.11.12"]
[WhiteTeam "Warwickshire Bears D"]
[BlackTeam "St John's College B"]

1. e4 e5 2. Nf3 Nc6 3. Bc4 Nf6 4. Nc3 Be7 5. O-O O-O 6. d4 d6 7. d5 Nd4 8. Nxd4
exd4 9. Qxd4 c5 10. Qd1 a6 11. f4 b5 12. Be2 b4 13. Na4 Nxe4 14. Bd3 Nf6 15. f5
Bd7 16. Bg5 Bxa4 17. Bxf6 Bxf6 18. Qh5 h6 19. Rf3 Bd4+ 20. Kh1 Bf6 21. Rg3 Kh8
22. Rf1 Rc8 23. Bxa6 Ra8 24. Bb7 Ra7 25. Bc6 Bxc2 26. Rf2 Rxa2 27. Rxc2 Ra1+
28. Rc1 Rxc1+ 29. Qd1 Rxd1# 0-1

[Event "Junior Online 4NCL Division 2"]
[Site "online"]
[Date "2020.11.12"]
[Round "7.36"]
[White "Nukalapati, Sarthak"]
[Black "Alexander, Ryan"]
[Result "1-0"]
[WhiteElo "1232"]
[BlackElo "1405"]
[PlyCount "67"]
[EventDate "2020.11.12"]
[WhiteTeam "St John's College B"]
[BlackTeam "Warwickshire Bears D"]

1. e4 e5 2. Nf3 Nc6 3. Nc3 Bc5 4. Nxe5 Nxe5 5. d4 Bb4 6. dxe5 Qe7 7. f4 d6 8.
Be2 dxe5 9. O-O exf4 10. Bxf4 Bxc3 11. bxc3 Qxe4 12. Bg3 c6 13. Bh5 Be6 14. Re1
Qd5 15. Qxd5 cxd5 16. Rxe6+ Kd7 17. Bxf7 Nh6 18. Rd6+ Ke7 19. Bxd5 Nf5 20. Re1+
Kf8 21. Rd7 Nxg3 22. Rf7+ Kg8 23. hxg3 h6 24. Ree7 Rd8 25. Rxg7+ Kf8 26. Bxb7
h5 27. Rgf7+ Kg8 28. Rg7+ Kf8 29. Ref7+ Ke8 30. Bc6+ Rd7 31. Bxd7+ Kd8 32. Bh3
h4 33. Rxa7 hxg3 34. Ra8# 1-0

[Event "Junior Online 4NCL Division 2"]
[Site "online"]
[Date "2020.11.12"]
[Round "7.37"]
[White "Kuang, Felix"]
[Black "Anandkumar, Govind"]
[Result "1-0"]
[WhiteElo "1315"]
[BlackElo "1217"]
[PlyCount "91"]
[EventDate "2020.11.12"]
[WhiteTeam "Warwickshire Bears D"]
[BlackTeam "St John's College B"]

1. e4 e6 2. Nf3 d5 3. exd5 exd5 4. d4 Nf6 5. Nc3 Bd6 6. h3 Bf5 7. Be3 Nbd7 8.
Bd3 Bxd3 9. Qxd3 c6 10. O-O-O Qc7 11. g3 O-O-O 12. Qd2 Rhe8 13. a3 Ne4 14. Nxe4
dxe4 15. Ng5 Rf8 16. Nxe4 Rde8 17. Nc3 Nb6 18. Qd3 Re7 19. d5 Kb8 20. dxc6 Qxc6
21. Qxd6+ Qxd6 22. Rxd6 Nc4 23. Rd3 Rfe8 24. Re1 Nxe3 25. Rdxe3 Rxe3 26. Rxe3
Rd8 27. Nb5 a6 28. Rd3 Re8 29. Nd6 Rd8 30. Nxf7 Rf8 31. Rd8+ Rxd8 32. Nxd8 Kc7
33. Nf7 Kd7 34. Kd2 Ke6 35. Ng5+ Kf5 36. Nxh7 Kg6 37. Nf8+ Kf7 38. Nd7 Ke7 39.
Nb6 Kd6 40. b4 Kc6 41. Nc4 Kd5 42. Kd3 b5 43. Ne3+ Ke5 44. c4 bxc4+ 45. Nxc4+
Kd5 46. Ne3+ 1-0

[Event "Junior Online 4NCL Division 2"]
[Site "online"]
[Date "2020.11.12"]
[Round "7.38"]
[White "Sequeira, Robert"]
[Black "Sagyaman, Vassily M"]
[Result "1-0"]
[WhiteElo "1232"]
[BlackElo "1345"]
[PlyCount "179"]
[EventDate "2020.11.12"]
[WhiteTeam "St John's College B"]
[BlackTeam "Warwickshire Bears D"]

1. e4 e5 2. Nf3 Nc6 3. Nc3 Nf6 4. d4 exd4 5. Nxd4 Bc5 6. Be3 Nxd4 7. Bxd4 Bb6
8. e5 Ng8 9. Bc4 Ne7 10. O-O O-O 11. Be3 d6 12. exd6 cxd6 13. Qf3 Ng6 14. Qg3
Bxe3 15. Qxe3 Ne5 16. Bd3 Nxd3 17. Qxd3 Qf6 18. Rfe1 b6 19. Qd5 Be6 20. Qd3
Rac8 21. Rad1 Rcd8 22. Qd4 Rfe8 23. Qxf6 gxf6 24. Re3 Kg7 25. Rg3+ Kh8 26. Rd4
Rg8 27. Rxg8+ Rxg8 28. Rxd6 Re8 29. h3 Bc4 30. Rxf6 Re1+ 31. Kh2 Kg7 32. Rd6 a5
33. Rd4 Be6 34. Rd1 Rxd1 35. Nxd1 Bxa2 36. c3 Kf6 37. Ne3 Ke5 38. Kg3 Ke4 39.
Kg4 Kd3 40. Kf4 Kd2 41. g4 Kc1 42. Ke4 Kxb2 43. c4 Kb3 44. Kd4 Kb4 45. Nd5+ Kb3
46. Nxb6 Kb4 47. Nd5+ Kb3 48. Ne3 Kb4 49. Kd3 a4 50. Kc2 a3 51. Nd5+ Kxc4 52.
Ne3+ Kb4 53. f4 Be6 54. Kb1 a2+ 55. Kb2 Kc5 56. Nc2 Kc4 57. Ne3+ Kd3 58. Ng2
Ke4 59. f5 Bd5 60. Ne1 Kf4 61. Nd3+ Kg3 62. Nb4 Bc4 63. Nc2 Kxh3 64. Ne3 Be2
65. Kxa2 Bxg4 66. Kb3 Bd1+ 67. Kc3 Ba4 68. Kd4 Kg3 69. Ke5 h5 70. Nf1+ Kf2 71.
Nh2 h4 72. Ng4+ Kg3 73. Ne3 h3 74. Kf6 Bb3 75. Kg5 h2 76. Nf1+ Kg2 77. Nxh2
Kxh2 78. Kg4 Bd1+ 79. Kg5 Kg3 80. f6 Kf3 81. Kf5 Bc2+ 82. Kg5 Kg3 83. Kh6 Kf4
84. Kg7 Ke5 85. Kxf7 Bb3+ 86. Kg7 Kd6 87. Kg6 Kd7 88. Kg7 Ke8 89. Kg6 Kf8 90.
Kg5 1-0

[Event "Junior Online 4NCL Division 2"]
[Site "online"]
[Date "2020.11.12"]
[Round "7.41"]
[White "Barbier-Ramaiah, Riya Aude"]
[Black "Stapleton, Dean"]
[Result "0-1"]
[WhiteElo "1427"]
[BlackElo "1457"]
[PlyCount "22"]
[EventDate "2020.11.12"]
[WhiteTeam "May The Fork Be With You 2"]
[BlackTeam "Robin Hoods 1"]

1. e4 e5 2. Nf3 Nf6 3. Nxe5 Nc6 4. Nxc6 dxc6 5. Nc3 Bc5 6. h3 h5 7. Be2 Qd6 8.
d3 Be6 9. O-O Ng4 10. g3 Qxg3+ 11. Kh1 Qh2# 0-1

[Event "Junior Online 4NCL Division 2"]
[Site "online"]
[Date "2020.11.12"]
[Round "7.42"]
[White "Griffin-Young, Sebastian"]
[Black "Shah, Rahul"]
[Result "1-0"]
[WhiteElo "1390"]
[BlackElo "1502"]
[PlyCount "169"]
[EventDate "2020.11.12"]
[WhiteTeam "Robin Hoods 1"]
[BlackTeam "May The Fork Be With You 2"]

1. Nf3 d5 2. g3 Nf6 3. Bg2 Nc6 4. O-O e5 5. d4 e4 6. Ne5 Qd6 7. Bf4 Qe6 8. Nxc6
Qxc6 9. c3 Be7 10. Nd2 O-O 11. Nb3 b6 12. Rc1 Bd7 13. Qc2 a5 14. Nd2 Rac8 15.
Qb3 a4 16. Qc2 Nh5 17. Be5 f6 18. Bf4 Nxf4 19. gxf4 Bd6 20. e3 Bf5 21. c4 Be7
22. cxd5 Qxd5 23. Nxe4 Qe6 24. Qc6 Qf7 25. Ng5 Qg6 26. Nf3 Bh3 27. Ne5 Qxg2+
28. Qxg2 Bxg2 29. Kxg2 fxe5 30. dxe5 c5 31. Kg3 Rcd8 32. Rfd1 h5 33. e4 Rxd1
34. Rxd1 c4 35. Rd4 b5 36. f5 Bc5 37. Rd5 Rc8 38. e6 b4 39. Kf4 Bxf2 40. e7 Bh4
41. Rd7 Re8 42. Rc7 Bxe7 43. Rxc4 Bd6+ 44. Kg5 Be7+ 45. Kg6 h4 46. Kh5 Rf8 47.
Rc7 Bf6 48. b3 axb3 49. axb3 Re8 50. Rc4 Ra8 51. Rxb4 Ra2 52. Rb5 Rxh2 53. e5
Bd8 54. Rb8 Rd2 55. e6 Kf8 56. Kg4 Rd4+ 57. Kh3 Ke7 58. Rb7+ Kf6 59. Rf7+ Kg5
60. Rxg7+ Kf6 61. Rf7+ Kg5 62. e7 Rd3+ 63. Kh2 Rd2+ 64. Kh1 Rd1+ 65. Kg2 Rd2+
66. Kf1 Rd1+ 67. Ke2 Rd7 68. e8=Q Rxf7 69. Qxf7 Bf6 70. Qg6+ Kf4 71. Qxf6 Kg3
72. b4 h3 73. Qe5+ Kg2 74. b5 h2 75. Qe4+ Kg1 76. Qh4 h1=Q 77. Qxh1+ Kxh1 78.
f6 Kg2 79. f7 Kg3 80. f8=Q Kg4 81. b6 Kg3 82. b7 Kg4 83. b8=Q Kg5 84. Qbf4+ Kg6
85. Q8f7# 1-0

[Event "Junior Online 4NCL Division 2"]
[Site "online"]
[Date "2020.11.12"]
[Round "7.43"]
[White "Anand, Dhriti"]
[Black "Wood, Ethan"]
[Result "1-0"]
[WhiteElo "1495"]
[BlackElo "1375"]
[PlyCount "85"]
[EventDate "2020.11.12"]
[WhiteTeam "May The Fork Be With You 2"]
[BlackTeam "Robin Hoods 1"]

1. b3 e5 2. Bb2 Nc6 3. e3 d5 4. Bb5 Bd6 5. f4 e4 6. Bxg7 Qh4+ 7. g3 Qe7 8. Bxh8
Nf6 9. Bxf6 Qxf6 10. Bxc6+ bxc6 11. Nc3 Bb4 12. Nge2 Bg4 13. a3 Bc5 14. b4 Bd6
15. h3 Bf3 16. Rg1 Qh6 17. h4 Bg4 18. d3 f5 19. dxe4 fxe4 20. Qd4 Kd7 21. b5 c5
22. Qd2 a6 23. Qxd5 Qe6 24. Qxe6+ Bxe6 25. bxa6 Rxa6 26. Nxe4 c4 27. Nxd6 Rxd6
28. Rd1 Bd5 29. Nc3 c6 30. Nxd5 cxd5 31. Ke2 Kc6 32. Rd2 Kc5 33. Rgd1 Rg6 34.
Rxd5+ Kc6 35. e4 h5 36. e5 Rh6 37. Rd6+ Rxd6 38. exd6 Kd7 39. f5 Ke8 40. d7+
Kf7 41. d8=Q Kg7 42. Rd7+ Kh6 43. Qh8# 1-0

[Event "Junior Online 4NCL Division 2"]
[Site "online"]
[Date "2020.11.12"]
[Round "7.44"]
[White "Pitts, Daniel"]
[Black "Walia, Michael Kanishk"]
[Result "1-0"]
[WhiteElo "1352"]
[BlackElo "1405"]
[PlyCount "79"]
[EventDate "2020.11.12"]
[WhiteTeam "Robin Hoods 1"]
[BlackTeam "May The Fork Be With You 2"]

1. e4 e6 2. Nf3 d5 3. Bb5+ c6 4. Ba4 dxe4 5. Ne5 a5 6. c3 Bd6 7. Nc4 Bc5 8. Bb3
b5 9. Ne3 Nf6 10. a3 O-O 11. Bc2 Re8 12. d4 exd3 13. Bxd3 Re7 14. Bxh7+ Kxh7
15. Qxd8 Ba6 16. b4 Rd7 17. Qxa5 Bb7 18. Qxa8 Bxa8 19. bxc5 Na6 20. a4 Nxc5 21.
axb5 Bb7 22. O-O cxb5 23. Ra5 Be4 24. Rxb5 Na6 25. Nd2 Bd3 26. Ra5 Bxf1 27.
Nexf1 Nc7 28. Ra7 Nfd5 29. c4 Nc3 30. Ng3 f5 31. Kf1 g5 32. Ke1 Kg6 33. Ne2
Nxe2 34. Kxe2 Kf6 35. Bb2+ Ke7 36. Be5 Kd8 37. Nb3 Kc8 38. Nc5 Rh7 39. Nxe6 Re7
40. Rxc7+ 1-0